<?xml version="1.0" encoding="UTF-8"?>
<record
    xmlns:xsi="http://www.w3.org/2001/XMLSchema-instance"
    xsi:schemaLocation="http://www.loc.gov/MARC21/slim http://www.loc.gov/standards/marcxml/schema/MARC21slim.xsd"
    xmlns="http://www.loc.gov/MARC21/slim">

  <leader>01378cam a2200349 a 4500</leader>
  <datafield tag="999" ind1=" " ind2=" ">
    <subfield code="c">7536</subfield>
    <subfield code="d">7536</subfield>
  </datafield>
  <controlfield tag="001">991039158939706706</controlfield>
  <controlfield tag="003">OSt</controlfield>
  <controlfield tag="005">20211215133745.0</controlfield>
  <controlfield tag="008">060927s2004    spca   ||     100 ||spa  </controlfield>
  <datafield tag="015" ind1=" " ind2=" ">
    <subfield code="a">LL2006</subfield>
    <subfield code="2">bnc</subfield>
  </datafield>
  <datafield tag="017" ind1=" " ind2=" ">
    <subfield code="a">DL B. 5658-2006</subfield>
    <subfield code="b">Biblioteca de Catalunya</subfield>
  </datafield>
  <datafield tag="020" ind1=" " ind2=" ">
    <subfield code="a">8449024293</subfield>
  </datafield>
  <datafield tag="035" ind1=" " ind2=" ">
    <subfield code="a">(ES-BaCBU)b35022097-34csuc_network</subfield>
  </datafield>
  <datafield tag="035" ind1=" " ind2=" ">
    <subfield code="a">(ES-BaCBU).b35022097</subfield>
  </datafield>
  <datafield tag="035" ind1=" " ind2=" ">
    <subfield code="a">(ccuc001)b35022097</subfield>
  </datafield>
  <datafield tag="035" ind1=" " ind2=" ">
    <subfield code="a">(OCoLC)803742434</subfield>
  </datafield>
  <datafield tag="040" ind1=" " ind2=" ">
    <subfield code="a">ES-BaBC</subfield>
    <subfield code="b">cat</subfield>
    <subfield code="c">CDMR</subfield>
  </datafield>
  <datafield tag="080" ind1=" " ind2=" ">
    <subfield code="a">070(063)</subfield>
  </datafield>
  <datafield tag="110" ind1="2" ind2=" ">
    <subfield code="a">Sociedad Espa&#xF1;ola de Period&#xED;stica</subfield>
    <subfield code="b">Congreso</subfield>
    <subfield code="n">(8&#xE8; :</subfield>
    <subfield code="d">2004 :</subfield>
    <subfield code="c">Barcelona, Catalunya)</subfield>
    <subfield code="9">2242</subfield>
  </datafield>
  <datafield tag="245" ind1="1" ind2="3">
    <subfield code="a">El Periodismo, motor de cultura y de paz :</subfield>
    <subfield code="b">comunicaciones y ponencias del VIII Congreso de la Sociedad Espa&#xF1;ola de Period&#xED;stica /</subfield>
    <subfield code="c">editor: Jos&#xE9; Luis Valero</subfield>
  </datafield>
  <datafield tag="260" ind1=" " ind2=" ">
    <subfield code="a">Barcelona :</subfield>
    <subfield code="b">Universitat Aut&#xF2;noma de Barcelona, Facultat de Ci&#xE8;ncies de la Comunicaci&#xF3;,</subfield>
    <subfield code="c">2004</subfield>
  </datafield>
  <datafield tag="300" ind1=" " ind2=" ">
    <subfield code="a">406 p. ;</subfield>
    <subfield code="c">24 cm</subfield>
  </datafield>
  <datafield tag="490" ind1="1" ind2=" ">
    <subfield code="a">Estudios de period&#xED;stica ;</subfield>
    <subfield code="v">11</subfield>
  </datafield>
  <datafield tag="650" ind1=" " ind2="7">
    <subfield code="a">Periodisme</subfield>
    <subfield code="x">Congressos.</subfield>
    <subfield code="2">lemac</subfield>
  </datafield>
  <datafield tag="700" ind1="1" ind2=" ">
    <subfield code="a">Valero Sancho, Jos&#xE9; Luis,</subfield>
  </datafield>
  <datafield tag="710" ind1="2" ind2=" ">
    <subfield code="a">Universitat Aut&#xF2;noma de Barcelona.</subfield>
    <subfield code="b">Facultat de Ci&#xE8;ncies de la Comunicaci&#xF3;</subfield>
  </datafield>
  <datafield tag="830" ind1=" " ind2="0">
    <subfield code="a">Estudios de period&#xED;stica ;</subfield>
    <subfield code="v">11</subfield>
  </datafield>
  <datafield tag="907" ind1=" " ind2=" ">
    <subfield code="a">.b35022097</subfield>
    <subfield code="b">15-02-21</subfield>
    <subfield code="c">09-05-08</subfield>
    <subfield code="d">07-05-08</subfield>
    <subfield code="e">m</subfield>
    <subfield code="f">a</subfield>
    <subfield code="g">-</subfield>
    <subfield code="h">spa</subfield>
    <subfield code="i">spc</subfield>
    <subfield code="j">3</subfield>
    <subfield code="k">2</subfield>
  </datafield>
  <datafield tag="908" ind1=" " ind2=" ">
    <subfield code="a">BC</subfield>
    <subfield code="a">UAB</subfield>
    <subfield code="a">UVic-UCC</subfield>
  </datafield>
  <datafield tag="940" ind1=" " ind2=" ">
    <subfield code="a">BC</subfield>
  </datafield>
  <datafield tag="942" ind1=" " ind2=" ">
    <subfield code="2">udc</subfield>
    <subfield code="c">PON</subfield>
  </datafield>
  <datafield tag="952" ind1=" " ind2=" ">
    <subfield code="0">0</subfield>
    <subfield code="1">0</subfield>
    <subfield code="4">0</subfield>
    <subfield code="7">0</subfield>
    <subfield code="a">CDMR</subfield>
    <subfield code="b">CDMR</subfield>
    <subfield code="d">2021-12-15</subfield>
    <subfield code="e">Donaci&#xF3;</subfield>
    <subfield code="l">0</subfield>
    <subfield code="o">Ci 1/63</subfield>
    <subfield code="p">CDMR21120072</subfield>
    <subfield code="r">2021-12-15</subfield>
    <subfield code="w">2021-12-15</subfield>
    <subfield code="y">PON</subfield>
  </datafield>
</record>
